Normal view
MARC view
Entry Topical Term
001 - CONTROL NUMBER
- control field: 25492
003 - CONTROL NUMBER IDENTIFIER
- control field: OSt
005 - DATE AND TIME OF LATEST TRANSACTION
- control field: 20210720164509.0
008 - FIXED-LENGTH DATA ELEMENTS
- fixed length control field: 210720|| aca||aabn | a|a d
040 ## - CATALOGING SOURCE
- Original cataloging agency: OSt
- Transcribing agency: OSt
150 ## - HEADING--TOPICAL TERM
- Topical term or geographic name entry element: Bibliometric, State university, Citation-index, h-index, research output, Bihar
670 ## - SOURCE DATA FOUND
- Source citation: Work cat.: (OSt): Tiwari, S. Kumar, A. and Chauhan, A.K. 25491, The research output of state public universities of Bihar: A Bibliometric analysis
